[Event "Open 2005 des PSV Rostock"]
[Site "Rostock"]
[Date "2005.08.27"]
[Round "5.16"]
[White "Raitza, Egon"]
[Black "Worm, Alfred"]
[Result "1/2-1/2"]
[WhiteElo "1890"]
[BlackElo "1690"]
[PlyCount "122"]
[EventDate "2005.08.25"]
[EventType "swiss"]
[EventRounds "7"]
[EventCountry "GER"]
[Source "Th. Schwetlick"]
[SourceDate "2005.08.25"]

1. d4 Nf6 2. Nf3 g6 3. Nbd2 d5 4. e3 Bg7 5. Bd3 b6 6. c3 Bb7 7. O-O Nbd7 8. Re1
c5 9. e4 dxe4 10. Nxe4 O-O 11. Qe2 cxd4 12. Nxd4 Re8 13. Bg5 Nc5 14. Nxc5 bxc5
15. Nf3 Qc7 16. Bb5 Bc6 17. Bxc6 Qxc6 18. Rad1 Nd7 19. Qe4 Qxe4 20. Rxe4 Nf6
21. Re2 e6 22. c4 h6 23. Bh4 g5 24. Bg3 Rad8 25. Red2 Rxd2 26. Rxd2 Ne4 27. Rd7
Bxb2 28. Be5 Bxe5 29. Nxe5 Rb8 30. g3 Rb1+ 31. Kg2 Rb2 32. Rxf7 Rxa2 33. Rf3 a5
34. Ng4 Kg7 35. Re3 Nf6 36. Ne5 a4 37. Nd3 Ng4 38. Rxe6 Rd2 39. h3 Rxd3 40.
hxg4 Rd4 41. Kf3 Rxc4 42. Ra6 Rb4 43. Ra5 c4 44. Ke3 a3 45. Rxa3 Rb3+ 46. Rxb3
cxb3 47. Kd3 Kf6 48. Kc3 Ke5 49. f3 b2 50. Kxb2 Kd4 51. f4 Ke4 52. f5 Ke5 53.
Kc3 Kd5 54. Kd3 Ke5 55. Kc4 h5 56. f6 Kxf6 57. gxh5 g4 58. Kd4 Kg5 59. Ke5 Kxh5
60. Kf5 Kh6 61. Kxg4 Kg6 1/2-1/2

[Event "Open 2005 des PSV Rostock"]
[Site "Rostock"]
[Date "2005.08.27"]
[Round "5.17"]
[White "Fischer, Joachim"]
[Black "Schmidt, Wolfgang"]
[Result "0-1"]
[WhiteElo "1673"]
[BlackElo "1851"]
[PlyCount "24"]
[EventDate "2005.08.25"]
[EventType "swiss"]
[EventRounds "7"]
[EventCountry "GER"]
[Source "Th. Schwetlick"]
[SourceDate "2005.08.25"]

1. e4 c5 2. d4 cxd4 3. c3 dxc3 4. Nxc3 Nc6 5. Nf3 e6 6. Bc4 Qc7 7. Nb5 Qb8 8.
a4 a6 9. Nc3 Nf6 10. O-O Be7 11. Qe2 Ng4 12. Nd5 Nd4 0-1

[Event "Open 2005 des PSV Rostock"]
[Site "Rostock"]
[Date "2005.08.27"]
[Round "5.18"]
[White "Ehlers, Michael"]
[Black "Boehm, Matthias"]
[Result "1/2-1/2"]
[WhiteElo "1626"]
[BlackElo "1673"]
[PlyCount "26"]
[EventDate "2005.08.25"]
[EventType "swiss"]
[EventRounds "7"]
[EventCountry "GER"]
[Source "Th. Schwetlick"]
[SourceDate "2005.08.25"]

1. e4 c6 2. d4 d5 3. e5 Bf5 4. f4 Qc7 5. Be3 e6 6. Bd3 Bxd3 7. Qxd3 Nd7 8. Nf3
Ne7 9. Nh4 c5 10. c3 Nc6 11. Nf3 cxd4 12. Nxd4 a6 13. Nd2 Bc5 1/2-1/2

[Event "Open 2005 des PSV Rostock"]
[Site "Rostock"]
[Date "2005.08.27"]
[Round "5.19"]
[White "Schreiber, Nico"]
[Black "Eichstaedt, Enrico"]
[Result "1-0"]
[WhiteElo "1537"]
[BlackElo "1804"]
[PlyCount "176"]
[EventDate "2005.08.25"]
[EventType "swiss"]
[EventRounds "7"]
[EventCountry "GER"]
[Source "Th. Schwetlick"]
[SourceDate "2005.08.25"]

1. d4 Nf6 2. Nf3 g6 3. e3 Bg7 4. Nbd2 O-O 5. Be2 d6 6. O-O c5 7. c3 b6 8. Qc2
Bb7 9. b3 Nc6 10. Bb2 Rc8 11. dxc5 dxc5 12. Rad1 Qc7 13. Bb5 Rfd8 14. Rfe1 Ne5
15. Be2 Nxf3+ 16. Nxf3 Be4 17. Qc1 Rxd1 18. Rxd1 Ng4 19. g3 Qc6 20. Ne1 Ne5 21.
c4 Bf5 22. Bxe5 Bxe5 23. Qd2 Qd6 24. Qc1 Qc7 25. Rd2 Rd8 26. Bd1 Rd6 27. Bc2
Be6 28. Qd1 Rxd2 29. Qxd2 Qd6 30. Qxd6 Bxd6 31. f4 Kf8 32. Be4 Ke8 33. Nc2 Bc8
34. Na3 a6 35. Nc2 Kd7 36. Kf2 Kc7 37. Kf3 f5 38. Bd3 e5 39. e4 Bb7 40. Ne3
exf4 41. gxf4 fxe4+ 42. Bxe4 Bxe4+ 43. Kxe4 Kc6 44. h3 b5 45. f5 gxf5+ 46. Kxf5
a5 47. Ke6 Bf4 48. Nd5 Bd2 49. Ne7+ Kb6 50. Kd5 bxc4 51. Kxc4 h6 52. a4 Bg5 53.
Nf5 Bd2 54. Kd5 Bc1 55. Nd6 Bg5 56. Nc4+ Ka6 57. Kxc5 Be7+ 58. Kc6 Bb4 59. Ne3
Be1 60. Nd5 Bg3 61. Nc7+ Ka7 62. Ne6 Ka6 63. Nc5+ Ka7 64. Kb5 Bd6 65. Nd3 Bc7
66. Nb2 Bf4 67. Nc4 h5 68. Nxa5 h4 69. Nc6+ Kb7 70. b4 Bd2 71. a5 Kc8 72. Ne5
Bf4 73. Ng6 Bg3 74. Kc6 Be1 75. Kc5 Kb7 76. Ne5 Bf2+ 77. Kd5 Ka6 78. Kc4 Bg3
79. Nc6 Bf2 80. b5+ Kb7 81. Kd5 Bg3 82. Nd8+ Ka7 83. Kc6 Be1 84. b6+ Ka6 85.
Nb7 Bg3 86. Nd6 Be1 87. b7 Ka7 88. Nb5+ Kb8 1-0

[Event "Open 2005 des PSV Rostock"]
[Site "Rostock"]
[Date "2005.08.27"]
[Round "5.20"]
[White "Mueggenburg, Rolf"]
[Black "Loeke, Patrick"]
[Result "0-1"]
[WhiteElo "1507"]
[BlackElo "1690"]
[PlyCount "70"]
[EventDate "2005.08.25"]
[EventType "swiss"]
[EventRounds "7"]
[EventCountry "GER"]
[Source "Th. Schwetlick"]
[SourceDate "2005.08.25"]

1. Nc3 d5 2. e4 dxe4 3. Nxe4 Bf5 4. Qf3 e6 5. Bd3 c6 6. Ne2 Nd7 7. h3 Ne5 8.
Qe3 Nxd3+ 9. cxd3 Nf6 10. Nd4 Bg6 11. Nb3 Nd5 12. Qf3 Nb4 13. O-O Qxd3 14. Qxd3
Nxd3 15. Ng3 Be7 16. Na5 O-O-O 17. a4 Bf6 18. Ra2 Rd5 19. Nc4 Rhd8 20. b3 Nxc1
21. Rxc1 Bd3 22. Ne3 R5d7 23. Rd1 Bd4 24. Nc2 Be5 25. Nb4 Bxg3 26. fxg3 a5 27.
Nxc6 bxc6 28. Rc1 Kb7 29. Kf2 Be4 30. Rd1 Rd3 31. Rb2 R8d4 32. g4 f5 33. gxf5
exf5 34. Kf1 Rb4 35. Rdb1 Rg3 0-1

[Event "Open 2005 des PSV Rostock"]
[Site "Rostock"]
[Date "2005.08.27"]
[Round "5.22"]
[White "Mangold, Thomas"]
[Black "Hinkelmann, Dieter"]
[Result "1/2-1/2"]
[WhiteElo "1351"]
[BlackElo "1537"]
[PlyCount "61"]
[EventDate "2005.08.25"]
[EventType "swiss"]
[EventRounds "7"]
[EventCountry "GER"]
[Source "Th. Schwetlick"]
[SourceDate "2005.08.25"]

1. f4 e5 2. fxe5 d6 3. Nf3 dxe5 4. e4 Nc6 5. Bb5 Bd7 6. d3 Bd6 7. Nc3 Nge7 8.
Be3 O-O 9. O-O Ng6 10. a3 a6 11. Bc4 h6 12. Qe1 Kh7 13. Ba2 f5 14. exf5 Bxf5
15. Nd5 Nce7 16. Nh4 Nxh4 17. Qxh4 Nxd5 18. Qxd8 Raxd8 19. Bxd5 Bc8 20. Rf2
Rxf2 21. Bxf2 Rf8 22. Be4+ g6 23. Re1 Kg7 24. c4 c5 25. Bg3 g5 26. Bd5 Kf6 27.
Rf1+ Ke7 28. Rxf8 Kxf8 29. Kf2 Ke7 30. Kf3 b6 31. h3 1/2-1/2

[Event "Open 2005 des PSV Rostock"]
[Site "Rostock"]
[Date "2005.08.27"]
[Round "6.1"]
[White "Rudolf, Henrik"]
[Black "Steinhagen, Bernd"]
[Result "1-0"]
[WhiteElo "2329"]
[BlackElo "2258"]
[PlyCount "55"]
[EventDate "2005.08.25"]
[EventType "swiss"]
[EventRounds "7"]
[EventCountry "GER"]
[Source "Th. Schwetlick"]
[SourceDate "2005.08.25"]

1. e4 c5 2. Nf3 Nc6 3. d4 cxd4 4. Nxd4 Nf6 5. Nc3 e6 6. Be2 Bb4 7. O-O Bxc3 8.
bxc3 Nxe4 9. Bd3 d5 10. Ba3 Nxd4 11. cxd4 Qa5 12. Qc1 Bd7 13. Rb1 Bc6 14. Bb4
Qc7 15. c4 O-O-O 16. cxd5 exd5 17. Qa3 Kb8 18. Rfc1 Qd7 19. Bxe4 dxe4 20. Bc5
b5 21. d5 Qxd5 22. Qxa7+ Kc8 23. Bb6 Qd6 24. Qa6+ Kd7 25. Rd1 Bd5 26. Rxb5 Ke6
27. Rbxd5 Qxd5 28. Bxd8+ 1-0

[Event "Open 2005 des PSV Rostock"]
[Site "Rostock"]
[Date "2005.08.27"]
[Round "6.2"]
[White "Seils, Jörg"]
[Black "Hetey, Laszlo"]
[Result "1-0"]
[WhiteElo "2365"]
[BlackElo "2322"]
[PlyCount "73"]
[EventDate "2005.08.25"]
[EventType "swiss"]
[EventRounds "7"]
[EventCountry "GER"]
[Source "Th. Schwetlick"]
[SourceDate "2005.08.25"]

1. e4 Nf6 2. e5 Nd5 3. d4 d6 4. Nf3 Nb6 5. Be2 Bf5 6. O-O e6 7. c4 Be7 8. Nc3
O-O 9. Be3 dxe5 10. Nxe5 N8d7 11. Nf3 c6 12. Qd2 Nf6 13. h3 Ne4 14. Nxe4 Bxe4
15. b3 Nd7 16. Rfd1 Qc7 17. Bf4 Bd6 18. Bxd6 Qxd6 19. Qe3 Bg6 20. Ne5 a5 21.
Bf3 Rfd8 22. c5 Qe7 23. Nc4 h6 24. a3 Ra7 25. b4 Nf6 26. Nxa5 Nd5 27. Bxd5 Rxd5
28. Nc4 Bc2 29. Rd2 Ba4 30. Nb6 Rd8 31. Qe5 Qh4 32. Rb1 Qe7 33. d5 cxd5 34.
Rxd5 Re8 35. Rd4 Bc6 36. b5 Bd5 37. Rxd5 1-0

[Event "Open 2005 des PSV Rostock"]
[Site "Rostock"]
[Date "2005.08.27"]
[Round "6.3"]
[White "Hoffmann, Hendrik"]
[Black "Schroeder, Christian"]
[Result "1-0"]
[WhiteElo "2284"]
[BlackElo "2069"]
[PlyCount "123"]
[EventDate "2005.08.25"]
[EventType "swiss"]
[EventRounds "7"]
[EventCountry "GER"]
[Source "Th. Schwetlick"]
[SourceDate "2005.08.25"]

1. e4 c5 2. Nf3 d6 3. d4 cxd4 4. Nxd4 a6 5. Nc3 e5 6. Nde2 Be7 7. g3 Nf6 8. Bg2
O-O 9. O-O b5 10. a4 bxa4 11. Rxa4 Nbd7 12. Bg5 Nb6 13. Ra2 Be6 14. b3 Nfd7 15.
Bxe7 Qxe7 16. Qa1 Nb8 17. Rd1 Bc8 18. Na4 Nxa4 19. Rxa4 Bb7 20. Qa3 Rd8 21. Nc3
Bc6 22. Ra5 Qc7 23. Bf1 Bb7 24. Nd5 Qxc2 25. Rc1 Qd2 26. Qa1 Kh8 27. Rd1 Qh6
28. Nc7 Nc6 29. Nxa8 Nxa5 30. Qxa5 Rxa8 31. Qc7 Bxe4 32. Rxd6 g6 33. Qxf7 Rf8
34. Rd8 Rxd8 35. Qf6+ Kg8 36. Qxd8+ Qf8 37. Qxf8+ Kxf8 38. Bxa6 Ke7 39. Bc4 Kf6
40. Kf1 g5 41. Ke2 h6 42. Kd2 Bb7 43. Kc3 Kf5 44. Be2 Ke4 45. b4 Bc8 46. Kc4
Bb7 47. b5 Bc8 48. Kc5 Bb7 49. Kb6 Bd5 50. Kc7 Kd4 51. b6 e4 52. b7 Bxb7 53.
Kxb7 Kc3 54. Kc6 Kd2 55. f3 exf3 56. Bxf3 Ke3 57. Bh5 Kf2 58. g4 Kg2 59. Kd5
Kxh2 60. Ke4 Kg3 61. Kf5 Kf3 62. Kg6 1-0

[Event "Open 2005 des PSV Rostock"]
[Site "Rostock"]
[Date "2005.08.27"]
[Round "6.4"]
[White "Lorenz, Joerg"]
[Black "Porsch, Harald"]
[Result "1/2-1/2"]
[WhiteElo "2163"]
[BlackElo "2258"]
[PlyCount "89"]
[EventDate "2005.08.25"]
[EventType "swiss"]
[EventRounds "7"]
[EventCountry "GER"]
[Source "Th. Schwetlick"]
[SourceDate "2005.08.25"]

1. e4 c5 2. Nc3 Nc6 3. g3 d6 4. Bg2 g6 5. d3 Bg7 6. Be3 Nf6 7. h3 O-O 8. Qd2
Re8 9. Nge2 a6 10. O-O Rb8 11. f4 e6 12. g4 h5 13. g5 Nh7 14. Rae1 Nd4 15. Ng3
Qa5 16. Qf2 Re7 17. h4 Bd7 18. Nd1 Qxa2 19. c3 Nc6 20. Bh3 f5 21. e5 dxe5 22.
Bxc5 exf4 23. Bxe7 fxg3 24. Qxg3 f4 25. Qxf4 e5 26. Bxd7 exf4 27. Be6+ Qxe6 28.
Rxe6 Re8 29. Rxc6 bxc6 30. Bd6 Rd8 31. Bxf4 Rxd3 32. Nf2 Rf3 33. Ne4 Rxf1+ 34.
Kxf1 Bf8 35. Nd6 Bxd6 36. Bxd6 Kf7 37. Kf2 Ke6 38. Bc5 Kd5 39. b4 Kc4 40. Bd6
Kd5 41. Be7 Ke6 42. Bc5 Kd5 43. Ke3 Ke5 44. Kf3 Kf5 45. Be7 1/2-1/2

[Event "Open 2005 des PSV Rostock"]
[Site "Rostock"]
[Date "2005.08.27"]
[Round "6.5"]
[White "Gottschalk, Jens"]
[Black "Schoengart, Ralf"]
[Result "1-0"]
[WhiteElo "2219"]
[BlackElo "2112"]
[PlyCount "95"]
[EventDate "2005.08.25"]
[EventType "swiss"]
[EventRounds "7"]
[EventCountry "GER"]
[Source "Th. Schwetlick"]
[SourceDate "2005.08.25"]

1. d4 Nf6 2. c4 e5 3. dxe5 Ng4 4. Bf4 Nc6 5. Nf3 Bb4+ 6. Nbd2 Qe7 7. a3 Ngxe5
8. Nxe5 Nxe5 9. e3 Bxd2+ 10. Qxd2 d6 11. Qd5 O-O 12. c5 Be6 13. cxd6 cxd6 14.
Qd4 Qc7 15. Be2 f6 16. O-O Rfd8 17. Rac1 Qf7 18. Rc3 h5 19. h4 Qg6 20. Rd1 Kh8
21. Bg3 Nc6 22. Qd3 Bf5 23. Qb5 Ne5 24. Rc7 Be4 25. Rc3 a6 26. Qb6 Bc6 27. Qd4
Rd7 28. Rcc1 Re8 29. Rd2 Rf8 30. Bd1 Rc8 31. Bb3 Rdc7 32. Be6 Rd8 33. Bd5 Rdc8
34. Rcd1 Re8 35. b3 Rec8 36. Qf4 Bxd5 37. Rxd5 Rc3 38. Qb4 Qc2 39. Bxe5 fxe5
40. Qxb7 Rxb3 41. Qf7 Rb1 42. Qxh5+ Kg8 43. Qg4 Rxd1+ 44. Rxd1 a5 45. Qh5 Qa4
46. Kh2 Rf8 47. Rxd6 Qxa3 48. Qg6 1-0

[Event "Open 2005 des PSV Rostock"]
[Site "Rostock"]
[Date "2005.08.27"]
[Round "6.6"]
[White "Krueger, Alexander"]
[Black "Kliewe, Hans Juergen"]
[Result "0-1"]
[WhiteElo "1889"]
[BlackElo "2166"]
[PlyCount "92"]
[EventDate "2005.08.25"]
[EventType "swiss"]
[EventRounds "7"]
[EventCountry "GER"]
[Source "Th. Schwetlick"]
[SourceDate "2005.08.25"]

1. e4 e6 2. d4 d5 3. Nc3 Bb4 4. exd5 exd5 5. Bd3 Nf6 6. Nge2 Bg4 7. Bg5 c6 8.
Qd2 Nbd7 9. O-O O-O 10. f3 Bh5 11. Nf4 Bg6 12. Nxg6 fxg6 13. Rae1 Qb6 14. Be3
Rae8 15. Bf2 Nh5 16. Rxe8 Rxe8 17. Re1 Qd8 18. Bh4 Nhf6 19. Bg3 Kf7 20. a3 Ba5
21. Rxe8 Qxe8 22. b4 Bb6 23. Qf4 g5 24. Qd2 Bxd4+ 25. Bf2 Bxf2+ 26. Kxf2 Qe5
27. Ne2 b6 28. c3 c5 29. Bb5 Nf8 30. g3 Ne6 31. a4 g4 32. Qe3 Qxe3+ 33. Kxe3
gxf3 34. Kxf3 Ke7 35. h4 Kd6 36. g4 Ke5 37. Bd3 h6 38. a5 cxb4 39. cxb4 Nd4+
40. Nxd4 Kxd4 41. axb6 axb6 42. Bf5 g5 43. hxg5 hxg5 44. Be6 Kc3 45. b5 d4 46.
Ke2 d3+ 0-1

[Event "Open 2005 des PSV Rostock"]
[Site "Rostock"]
[Date "2005.08.27"]
[Round "6.7"]
[White "Luetje, Juergen"]
[Black "Kutschke, Peter"]
[Result "1/2-1/2"]
[WhiteElo "2135"]
[BlackElo "2128"]
[PlyCount "25"]
[EventDate "2005.08.25"]
[EventType "swiss"]
[EventRounds "7"]
[EventCountry "GER"]
[Source "Th. Schwetlick"]
[SourceDate "2005.08.25"]

1. d4 d5 2. Nf3 Bf5 3. Bf4 e6 4. e3 h6 5. Nbd2 Nf6 6. Ne5 Nbd7 7. Ndf3 Nxe5 8.
Nxe5 Bd6 9. Bd3 Bxd3 10. Qxd3 O-O 11. Qe2 Rc8 12. O-O a6 13. Nd3 1/2-1/2

[Event "Open 2005 des PSV Rostock"]
[Site "Rostock"]
[Date "2005.08.27"]
[Round "6.8"]
[White "Illgen, Alexander"]
[Black "Scholz, Alexander"]
[Result "0-1"]
[WhiteElo "1925"]
[BlackElo "2115"]
[PlyCount "112"]
[EventDate "2005.08.25"]
[EventType "swiss"]
[EventRounds "7"]
[EventCountry "GER"]
[Source "Th. Schwetlick"]
[SourceDate "2005.08.25"]

1. d4 d5 2. c4 e6 3. Nc3 Nf6 4. Bg5 Nbd7 5. cxd5 exd5 6. e3 c6 7. Bd3 Be7 8.
Nf3 O-O 9. O-O Ne4 10. Bxe7 Qxe7 11. Qc2 f5 12. a3 Ndf6 13. Ne5 Nxc3 14. Qxc3
Ne4 15. Qc1 Be6 16. f4 Rac8 17. b4 Rf6 18. Ra2 Nd6 19. Rc2 Bd7 20. Qb2 b5 21.
Rfc1 Nc4 22. Bxc4 dxc4 23. a4 Be6 24. axb5 cxb5 25. Ra1 Bd5 26. Qc3 a6 27. Rca2
Ra8 28. Ra3 Qb7 29. R1a2 Ra7 30. Rb2 Rf8 31. Qe1 Qe7 32. Ra1 Rfa8 33. Qc3 Qd6
34. Ra5 Rd7 35. Ra3 Bb7 36. Qc2 g6 37. Kf1 Qe7 38. Qd2 Qd6 39. Qe1 a5 40. Qc3
axb4 41. Rxa8+ Bxa8 42. Rxb4 Qd5 43. Rb2 Ra7 44. Nf3 Ra4 45. Kf2 Bc6 46. Kg3
Qd6 47. Ne5 Ra3 48. Nxc4 bxc4 49. Qxc4+ Bd5 50. Qc1 Kg7 51. Kf2 Ra7 52. Rc2 Qe7
53. Kg3 Kh6 54. Kh3 Ra3 55. Re2 g5 56. fxg5+ Qxg5 0-1

[Event "Open 2005 des PSV Rostock"]
[Site "Rostock"]
[Date "2005.08.27"]
[Round "6.9"]
[White "Ruesch, Hans Joachim"]
[Black "Bahr, Enrico"]
[Result "1-0"]
[WhiteElo "2055"]
[BlackElo "2004"]
[PlyCount "65"]
[EventDate "2005.08.25"]
[EventType "swiss"]
[EventRounds "7"]
[EventCountry "GER"]
[Source "Th. Schwetlick"]
[SourceDate "2005.08.25"]

1. d4 Nf6 2. Nf3 d5 3. c4 c6 4. Nc3 Bf5 5. cxd5 Nxd5 6. Qb3 Qb6 7. Nxd5 Qxb3 8.
Nc7+ Kd8 9. axb3 Kxc7 10. Bf4+ Kc8 11. Nd2 Nd7 12. e4 Be6 13. Bc4 Nb6 14. Bxe6+
fxe6 15. Nc4 Nxc4 16. bxc4 g6 17. Ke2 Bg7 18. e5 h5 19. Be3 Rd8 20. f4 a6 21.
h4 Rd7 22. b4 b5 23. Rhg1 Kb7 24. Kf3 Rf8 25. Ra2 Bh6 26. Ke4 Rc7 27. cxb5 axb5
28. Rga1 Rb8 29. Kf3 Rd7 30. g4 hxg4+ 31. Kxg4 Kc7 32. Kf3 Rf8 33. Ra7+ 1-0

[Event "Open 2005 des PSV Rostock"]
[Site "Rostock"]
[Date "2005.08.27"]
[Round "6.10"]
[White "Moeller, Peter"]
[Black "Giese, Guido"]
[Result "1-0"]
[WhiteElo "2146"]
[BlackElo "2037"]
[PlyCount "101"]
[EventDate "2005.08.25"]
[EventType "swiss"]
[EventRounds "7"]
[EventCountry "GER"]
[Source "Th. Schwetlick"]
[SourceDate "2005.08.25"]

1. g3 c5 2. Bg2 Nc6 3. d3 g6 4. e4 Bg7 5. f4 d6 6. Nf3 e6 7. O-O Nge7 8. c3 Rb8
9. Be3 b6 10. d4 O-O 11. Rf2 Bb7 12. Na3 cxd4 13. Nxd4 a6 14. Nxc6 Bxc6 15. Rd2
d5 16. exd5 exd5 17. Nc2 Qc7 18. Nb4 Bb7 19. Nxd5 Nxd5 20. Bxd5 Bxd5 21. Rxd5
Rfd8 22. Rxd8+ Rxd8 23. Qa4 Qb7 24. Rd1 Rxd1+ 25. Qxd1 Bf6 26. Qd6 Kg7 27. Bxb6
Qe4 28. Qd1 Qe6 29. Bd4 Qxa2 30. Bxf6+ Kxf6 31. Qe2 Kg7 32. c4 Qa4 33. Kf2 h5
34. Qe5+ Kg8 35. Qc3 Qc6 36. h4 Qh1 37. c5 Qh2+ 38. Kf3 Qh1+ 39. Ke3 Qg1+ 40.
Ke4 Qb1+ 41. Kd5 Qd1+ 42. Kc6 Qa4+ 43. Kd6 Qd1+ 44. Ke7 Qe2+ 45. Qe5 Qb5 46.
Kf6 Qc6+ 47. Qd6 Qc8 48. c6 Qf5+ 49. Ke7 Qe4+ 50. Kd8 a5 51. c7 1-0

[Event "Open 2005 des PSV Rostock"]
[Site "Rostock"]
[Date "2005.08.27"]
[Round "6.11"]
[White "Hammel, Ralf"]
[Black "Schoenrock, Ruediger"]
[Result "1/2-1/2"]
[WhiteElo "2188"]
[BlackElo "2126"]
[PlyCount "23"]
[EventDate "2005.08.25"]
[EventType "swiss"]
[EventRounds "7"]
[EventCountry "GER"]
[Source "Th. Schwetlick"]
[SourceDate "2005.08.25"]

1. e4 e5 2. Nf3 Nf6 3. Nxe5 d6 4. Nf3 Nxe4 5. d3 Nf6 6. d4 Be7 7. Bd3 Bg4 8.
O-O O-O 9. h3 Bh5 10. Re1 Nbd7 11. Bg5 Re8 12. c4 1/2-1/2

[Event "Open 2005 des PSV Rostock"]
[Site "Rostock"]
[Date "2005.08.27"]
[Round "6.12"]
[White "Worm, Alfred"]
[Black "Helms, Sven"]
[Result "1/2-1/2"]
[WhiteElo "1690"]
[BlackElo "2148"]
[PlyCount "43"]
[EventDate "2005.08.25"]
[EventType "swiss"]
[EventRounds "7"]
[EventCountry "GER"]
[Source "Th. Schwetlick"]
[SourceDate "2005.08.25"]

1. e4 e6 2. d4 d5 3. Nc3 Nf6 4. Bg5 Bb4 5. e5 h6 6. Bd2 Bxc3 7. bxc3 Ne4 8. Bd3
Nxd2 9. Qxd2 c5 10. f4 Nc6 11. Nf3 Qa5 12. Be2 Bd7 13. Rb1 cxd4 14. cxd4 b6 15.
Qxa5 Nxa5 16. Bd3 Rc8 17. g4 Nc4 18. Ke2 h5 19. g5 g6 20. Rhc1 Ke7 21. Nd2 Rc7
22. Bxc4 1/2-1/2

[Event "Open 2005 des PSV Rostock"]
[Site "Rostock"]
[Date "2005.08.27"]
[Round "6.13"]
[White "Schmidt, Wolfgang"]
[Black "Hamann, Dirk"]
[Result "1-0"]
[WhiteElo "1851"]
[BlackElo "1844"]
[PlyCount "75"]
[EventDate "2005.08.25"]
[EventType "swiss"]
[EventRounds "7"]
[EventCountry "GER"]
[Source "Th. Schwetlick"]
[SourceDate "2005.08.25"]

1. d4 Nf6 2. Nf3 d5 3. e3 Bg4 4. c4 e6 5. Nc3 c6 6. Qb3 Qb6 7. c5 Qc7 8. Bd2
Be7 9. Be2 O-O 10. h3 Bxf3 11. Bxf3 Nbd7 12. O-O e5 13. g3 e4 14. Bg2 h6 15.
Qd1 g6 16. b4 Kg7 17. a4 Nh7 18. f4 exf3 19. Qxf3 f5 20. Qf4 Qxf4 21. gxf4 Bh4
22. b5 Ndf6 23. Rab1 Rf7 24. a5 Ne4 25. Bxe4 fxe4 26. bxc6 bxc6 27. a6 Nf8 28.
Be1 Bf6 29. Bg3 Ne6 30. Rb7 Nxd4 31. Nxe4 dxe4 32. exd4 Bxd4+ 33. Kg2 Bxc5 34.
f5 g5 35. Rc1 Bb6 36. Rxc6 Raf8 37. Rg6+ Kh7 38. Bd6 1-0

[Event "Open 2005 des PSV Rostock"]
[Site "Rostock"]
[Date "2005.08.27"]
[Round "6.14"]
[White "Loeke, Patrick"]
[Black "Raitza, Egon"]
[Result "0-1"]
[WhiteElo "1690"]
[BlackElo "1890"]
[PlyCount "80"]
[EventDate "2005.08.25"]
[EventType "swiss"]
[EventRounds "7"]
[EventCountry "GER"]
[Source "Th. Schwetlick"]
[SourceDate "2005.08.25"]

1. e4 e6 2. d4 d5 3. Nc3 Bb4 4. e5 c5 5. Bd2 cxd4 6. Nb5 Bxd2+ 7. Qxd2 Nc6 8.
Nf3 Nge7 9. Nd6+ Kf8 10. Qf4 Nf5 11. Nxf5 exf5 12. Nxd4 Qa5+ 13. c3 Nxd4 14.
Qxd4 Be6 15. Bd3 Rd8 16. O-O g5 17. f4 g4 18. a3 a6 19. Rfe1 h5 20. Bxf5 Bxf5
21. e6 Ke7 22. exf7+ Kxf7 23. Qe5 Qb6+ 24. Kh1 Qf6 25. Qc7+ Rd7 26. Qc5 Rhd8
27. Re5 Kg6 28. Rae1 Qd6 29. Qf2 Qf6 30. h3 d4 31. cxd4 Rxd4 32. Re7 R4d7 33.
R7e5 Rd2 34. Qc5 gxh3 35. Rxf5 Qxf5 36. Qe7 Rf8 37. Re6+ Rf6 38. Qe8+ Kg7 39.
Rxf6 hxg2+ 40. Kh2 g1=Q+ 0-1

[Event "Open 2005 des PSV Rostock"]
[Site "Rostock"]
[Date "2005.08.27"]
[Round "6.15"]
[White "Ott, Mathias"]
[Black "Ehlers, Michael"]
[Result "1-0"]
[WhiteElo "1843"]
[BlackElo "1626"]
[PlyCount "61"]
[EventDate "2005.08.25"]
[EventType "swiss"]
[EventRounds "7"]
[EventCountry "GER"]
[Source "Th. Schwetlick"]
[SourceDate "2005.08.25"]

1. d4 Nf6 2. c4 e5 3. dxe5 Ng4 4. Bf4 Nc6 5. Nf3 Bb4+ 6. Nc3 Qe7 7. Qd5 b6 8.
h3 Nh6 9. e4 Bb7 10. Qd2 Nd8 11. Bd3 Ne6 12. Be3 Nc5 13. Bxc5 Qxc5 14. a3 Bxc3
15. Qxc3 O-O 16. O-O f5 17. Rfe1 Rae8 18. b4 Qe7 19. Bc2 c5 20. b5 Qf7 21. Rad1
fxe4 22. Bxe4 Bxe4 23. Rxe4 Re6 24. Qd2 Rg6 25. Ne1 Qf5 26. Re3 Rf7 27. Rf3
Qxe5 28. Rxf7 Kxf7 29. Qxd7+ Qe7 30. Nf3 Kf8 31. Qc8+ 1-0

[Event "Open 2005 des PSV Rostock"]
[Site "Rostock"]
[Date "2005.08.27"]
[Round "6.16"]
[White "Ernst, Mathias"]
[Black "Heinisch, Uwe"]
[Result "1-0"]
[WhiteElo "1703"]
[BlackElo "1600"]
[PlyCount "95"]
[EventDate "2005.08.25"]
[EventType "swiss"]
[EventRounds "7"]
[EventCountry "GER"]
[Source "Th. Schwetlick"]
[SourceDate "2005.08.25"]

1. e4 d6 2. Nf3 Nf6 3. Nc3 c6 4. Be2 Bg4 5. O-O e6 6. h3 Bh5 7. d4 Be7 8. Nh2
Bxe2 9. Qxe2 Nbd7 10. f4 Qb6 11. Be3 Qxb2 12. Bd2 Qb6 13. Nf3 Qc7 14. g4 e5 15.
Kh2 O-O-O 16. Rab1 exd4 17. Nxd4 Nb6 18. Rf3 Rhe8 19. Ncb5 Qb8 20. Rc3 Rd7 21.
g5 Kd8 22. gxf6 Bxf6 23. Rxc6 Nc8 24. Ba5+ Ke7 25. Bc7 Qa8 26. e5 bxc6 27.
exf6+ Kf8 28. fxg7+ Kxg7 29. Qxe8 Nb6 30. Rg1+ Kf6 31. Qe4 cxb5 32. Qxa8 Nxa8
33. Ba5 a6 34. Rg8 Nc7 35. Bc3 Nd5 36. Nxb5+ Nxc3 37. Nxc3 d5 38. Ra8 Rd6 39.
Kg3 Ke6 40. Kf3 Rc6 41. Ne2 Kf6 42. Nd4 Rc3+ 43. Ke2 Ra3 44. Rd8 Rxa2 45. Rxd5
a5 46. Rd6+ Ke7 47. Ra6 a4 48. Kd3 1-0

[Event "Open 2005 des PSV Rostock"]
[Site "Rostock"]
[Date "2005.08.27"]
[Round "6.18"]
[White "Jakob, Florian"]
[Black "Schreiber, Nico"]
[Result "0-1"]
[WhiteElo "1636"]
[BlackElo "1537"]
[PlyCount "96"]
[EventDate "2005.08.25"]
[EventType "swiss"]
[EventRounds "7"]
[EventCountry "GER"]
[Source "Th. Schwetlick"]
[SourceDate "2005.08.25"]

1. d4 d5 2. c4 e6 3. Nc3 Nf6 4. Nf3 Nbd7 5. Bf4 c6 6. e3 Be7 7. Bd3 dxc4 8.
Bxc4 Nh5 9. Bg3 Nxg3 10. hxg3 Nf6 11. Qc2 h6 12. O-O-O b5 13. Bd3 Nd5 14. Ne5
Nb4 15. Qe2 Nxd3+ 16. Qxd3 Qb6 17. Qe4 Bb7 18. Qf4 Rf8 19. Kb1 a5 20. Ne4 a4
21. Nc5 Rd8 22. Rc1 Ba8 23. Qe4 Rd5 24. Ned3 Qa5 25. Rc2 a3 26. b4 Qd8 27. f4
Bxc5 28. Nxc5 Ke7 29. Rc3 Qb6 30. Rxa3 Bb7 31. g4 Rh8 32. g3 g6 33. Qd3 Kf6 34.
g5+ Kg7 35. gxh6+ Rxh6 36. Rxh6 Kxh6 37. g4 Kg7 38. Qf1 Rd8 39. Qg2 Rh8 40. Rc3
Qc7 41. Nxb7 Qxb7 42. Qxc6 Rh1+ 43. Kb2 Rh2+ 44. Rc2 Qxc6 45. Rxh2 Qc4 46. a3
Qd3 47. Rh3 Qf1 48. Rh2 Qf3 0-1

[Event "Open 2005 des PSV Rostock"]
[Site "Rostock"]
[Date "2005.08.27"]
[Round "6.19"]
[White "Fischer, Joachim"]
[Black "Stahl, Rene"]
[Result "1-0"]
[WhiteElo "1673"]
[BlackElo "1447"]
[PlyCount "89"]
[EventDate "2005.08.25"]
[EventType "swiss"]
[EventRounds "7"]
[EventCountry "GER"]
[Source "Th. Schwetlick"]
[SourceDate "2005.08.25"]

1. e4 c6 2. d4 d5 3. Nc3 dxe4 4. Nxe4 Bf5 5. Ng3 Bg6 6. Nf3 Nd7 7. h4 h6 8. h5
Bh7 9. Bd3 Bxd3 10. Qxd3 e6 11. O-O Ngf6 12. Re1 Be7 13. b3 Qc7 14. Bb2 Nd5 15.
c4 Nf4 16. Qe3 Nf6 17. Rac1 N4xh5 18. Nxh5 Nxh5 19. d5 Bd6 20. dxe6 O-O 21. Qc3
fxe6 22. Rxe6 Rf6 23. Rce1 Rxe6 24. Rxe6 Nf4 25. Re4 Rf8 26. c5 Nd5 27. Qd4 Bf4
28. g3 Bxg3 29. Rg4 Rxf3 30. Rxg7+ Kf8 31. Rxc7 Bxc7 32. Qg7+ Ke8 33. Qxh6 Rf4
34. Bc1 Rf6 35. Qh8+ Kf7 36. Bb2 Rf4 37. Qc8 Rb4 38. Qd7+ Kg6 39. Qe6+ Kg5 40.
Bc1+ Kh4 41. Qf5 Rg4+ 42. Kf1 Rb4 43. Bg5+ Kh5 44. Bf4+ Kh4 45. Qg5+ 1-0